OBNOVA HLINENEJ STENY RODINNÉHO DOMU

Bibliographic Details
Main Authors: Menďan, Rastislav (Author), Beťko, Bohumír, 1941- (Author)
Format: Article
Language:Slovak
ISBN:8023202146
Subjects:

MARC

LEADER 00000naa a2200000 a 4500
001 vtls011852761
003 SK-MaSNL
005 20260302134523.0
008 210910|2003 xo |||||||||||||||||slo|
015 |a SNBCL 
035 |a (urnnbn)urn:nbn:sk:snk:ar-a0axn0 
035 |a urn:nbn:sk:snk-aaw7db 
035 |a (uuid)f62315f7-4767-46e8-81fa-daf052edcdb5 
040 |a SNKBUCL  |b slo  |c SNKBUCL  |e AACR2 
041 |a slo 
044 |a xo  |c SK 
100 1 |a Menďan, Rastislav  |4 aut  |9 475705 
245 1 0 |a OBNOVA HLINENEJ STENY RODINNÉHO DOMU  |c Rastislav Menďan, Bohumír Beťko 
336 |a text  |b txt  |c rdacontent 
337 |a bez média  |b n  |c rdamedia 
338 |a zväzok  |b nc  |c rdacarrier 
655 7 |a články zo zborníkov  |2 snkbucl  |9 166140 
700 1 |a Beťko, Bohumír,  |d 1941-  |4 aut  |9 213823 
773 0 |t Zborník príspevkov z konferencie s medzinárodnou účasťou Poruchy a rekonštrukcie obvodových plášťov a striech 4  |d V Košiciach : Technická univerzita, 2003  |g S. 109-114  |z 8023202146 
958 |a OND 
958 |a article26 
958 |a chapter 
999 |c 1322321  |d 1324251